Mapa-guía de la naturaleza: Costa Rica (Registro nro. 425)
[ vista simple ]
| 000 -CABECERA | |
|---|---|
| campo de control de longitud fija | 00642aam a2200241 4500 |
| 005 - FECHA Y HORA DE ACTUALIZACIÓN | |
| campo de control | 20230616173312.0 |
| 008 - LONGITUD FIJA | |
| campo de control de longitud fija | 150731b xxu||||| |||| 00| 0 spa d |
| 041 ## - IDIOMA | |
| Código de idioma del texto/pista de sonido o título separado | Español |
| 082 ## - CLASIFICACIÓN DECIMAL DEWEY | |
| Número de clasificación | 574.5 H565m |
| 100 ## - AUTOR PERSONAL | |
| Nombre de persona | Herrera, Wilberth |
| 245 ## - TÍTULO PROPIAMENTE DICHO | |
| Título | Mapa-guía de la naturaleza: Costa Rica |
| 260 ## - PIE DE IMPRENTA | |
| Lugar de publicación, distribución, etc. | Costa Rica |
| 260 ## - PIE DE IMPRENTA | |
| Nombre del editor, distribuidor, etc. | Incafo |
| 260 ## - PIE DE IMPRENTA | |
| Fecha de publicación, distribución, etc. | 1988 |
| 300 ## - DESCRIPCIÓN FÍSICA | |
| Extensión | 200 páginas |
| 500 ## - NOTA GENERAL | |
| Nota general | TAMBIÉN TIENE IDIOMA INGLES |
| 650 ## - Materia General | |
| Materia general | COSTA RICA |
| 650 ## - Materia General | |
| Materia general | PARQUES NACIONALES |
| 650 ## - Materia General | |
| Materia general | RESERVAS BIOLOGICAS |
| 650 ## - Materia General | |
| Materia general | RECURSOS NATURALES |
| 650 ## - Materia General | |
| Materia general | PROTECCIÓN |
| 942 ## - Punto de Acceso Adicional Koha | |
| Tipo de ítem Koha | Libro |
No hay ítems disponibles.